| 000 | 00710nam a22002297a 4500 | ||
|---|---|---|---|
| 003 | OSt | ||
| 005 | 20210220123055.0 | ||
| 008 | 210220b ||||| |||| 00| 0 eng d | ||
| 010 | _a71188732 | ||
| 020 | _a0801640970 | ||
| 020 | _a9780801640971 | ||
| 040 |
_aPHNSL _cPHNSL |
||
| 100 | _aRedman, Barbara Klug. | ||
| 245 |
_aThe process of patient teaching in nursing / _cBarbara Klug Redman. |
||
| 250 | _a2nd ed. | ||
| 260 |
_aSaint Louis : _b C.V. Mosby Co., _c1972. |
||
| 300 |
_aviii, 178 p. : _bill. |
||
| 504 | _aIncludes bibliographical references. | ||
| 650 |
_aNursing. _vPatient education. _xNurse and patient. |
||
| 650 |
_aNurse-Patient Relations. _vNursing Care. |
||
| 942 |
_2lcc _cBK |
||
| 999 |
_c494 _d494 |
||